О сопротивлении жидкостей и о воздухоплавании; Первый выпуск; Теория сопротивления Ньютона; Так называемая, обыкновенная теория сопротивления; Теория Даниила Бернулли и Эйлера; Теория Нордмарка; О сопротивлении воды на корабль; Первая статья Фроуда о трении; Вторая статья Фроуда о трении; Чтение Фроуда об его опытах над сопротивлением воды
| Autor Principal: | |
|---|---|
| Idioma: | ruso |
| Publicado: |
Санкт-Петербург, Типография В. Демакова, 1880
|
| TOC: | Н. Ф. Иорданский, Теория сопротивления Ньютона; Н. Ф. Иорданский, Так называемая, обыкновенная теория сопротивления; Н. Ф. Иорданский, Теория Даниила Бернулли и Эйлера; Н. Ф. Иорданский, Теория Нордмарка; перевод с англ. Н. П. Азбелева, О сопротивлении воды на корабль; пер. с англ. С. А. Пржибитека, Первая статья Фроуда о трении; пер. с англ. Н. П. Азбелева, Вторая статья Фроуда о трении; пер. с англ. Н. П. Азбелева, Чтение Фроуда об его опытах над сопротивлением воды; |
| Subjects: | |
| Formato: | MixedMaterials Libro |
| KOHA link: | https://koha.lib.tpu.ru/cgi-bin/koha/opac-detail.pl?biblionumber=235968 |
MARC
| LEADER | 00000nam0a2200000 4500 | ||
|---|---|---|---|
| 001 | 235968 | ||
| 005 | 20231101231435.0 | ||
| 035 | |a (RuTPU)RU\TPU\book\257113 | ||
| 090 | |a 235968 | ||
| 100 | |a 20130418d1880 k y0rusy50 ca | ||
| 101 | 0 | |a rus | |
| 102 | |a RU | ||
| 105 | |a f z 001zy | ||
| 200 | 1 | |a О сопротивлении жидкостей и о воздухоплавании |h Первый выпуск |f Д. И. Менделеев | |
| 210 | |a Санкт-Петербург |c Типография В. Демакова |d 1880 | ||
| 215 | |a 160, 80 с. |c с 12-ю таблицами чертежей | ||
| 317 | |5 63413507: 85//347 |a Поступила в НТБ в конце 20-х гг. 20 века по распределению от Наркомпроса. | ||
| 320 | |a Приложения №1-8. | ||
| 464 | |t Теория сопротивления Ньютона |f Н. Ф. Иорданский | ||
| 464 | |t Так называемая, обыкновенная теория сопротивления |f Н. Ф. Иорданский | ||
| 464 | |t Теория Даниила Бернулли и Эйлера |f Н. Ф. Иорданский | ||
| 464 | |t Теория Нордмарка |f Н. Ф. Иорданский | ||
| 464 | |t О сопротивлении воды на корабль |f перевод с англ. Н. П. Азбелева | ||
| 464 | |t Первая статья Фроуда о трении |f пер. с англ. С. А. Пржибитека | ||
| 464 | |t Вторая статья Фроуда о трении |f пер. с англ. Н. П. Азбелева | ||
| 464 | |t Чтение Фроуда об его опытах над сопротивлением воды |f пер. с англ. Н. П. Азбелева | ||
| 610 | 1 | |a сопротивление воды | |
| 610 | 1 | |a сопротивление трения | |
| 610 | 1 | |a сопротивление | |
| 610 | 1 | |a трение | |
| 610 | 1 | |a трение при качении | |
| 610 | 1 | |a измерения | |
| 610 | 1 | |a падения | |
| 610 | 1 | |a коллекция Томского Алексеевского Реального Училища (ТАРУ) | |
| 610 | 1 | |a воздухоплавание | |
| 610 | 1 | |a механика газа | |
| 610 | 1 | |a механика жидкости | |
| 675 | |a 532 |v 3 | ||
| 675 | |a 629.73 |v 3 | ||
| 700 | 1 | |a Менделеев |b Д. И. |c учёный-энциклопедист, химик, педагог |c член-корреспондент Петербургской АН |f 1834-1907 |g Дмитрий Иванович |2 stltpush |3 (RuTPU)RU\TPU\pers\1367 |9 609 | |
| 801 | 1 | |a RU |b 63413507 |c 20130418 | |
| 801 | 2 | |a RU |b 63413507 |c 20190208 |g RCR | |
| 942 | |c BK | ||